000 00903nam a2200277 a 4500
001 BRL_1642
005 20190320211313.0
008 150414s1953----mx-a######---#000-0#spa-#
041 _aspa
044 _amx
050 4 _aF1231
_b.B46 1953
100 1 _aBenítez, Fernando
_912903
245 1 0 _aLa vida criolla en el siglo XVI
_cFernando Benítez ; viñetas e ilustraciones de El vira Gascón.
260 _aMéxico
_bEl Colegio de México
_c1953
300 _a322 p.
_bil. (algunas a color)
_c22 cm.
500 _aAu1867
500 _aIncluye dedicatoria a Ruth Lechuga
500 _aEstado físico: Camisa rota.
504 _aBibliografía: p. 309-320
650 1 4 _aVida colonial en México
_927516
651 4 _aMéxico
_xVida social y costumbres
_9769
651 4 _aMéxico
_xHistoria
_yColonia, 1540-1810
_9208
700 1 _aGascón, Elvira
_eil.
_927517
902 _aGRL
942 _2lcc
_cB
999 _c10451
_d10451